| 000 | 00939nam a2200313Ia 4500 | ||
|---|---|---|---|
| 003 | OSt | ||
| 005 | 20221006144531.0 | ||
| 006 | a|||||r|||| 00| 0 | ||
| 007 | ta | ||
| 008 | 221006b |||||||| |||| 00| 0 eng d | ||
| 020 |
_a8171230431 _c150.00 |
||
| 020 | _a9788171230433 | ||
| 024 | _a11,909 | ||
| 037 | _cTextual | ||
| 040 |
_aEASL _cEASL _beng |
||
| 041 |
_2eng _aeng |
||
| 082 | _aV2:1949B,(zP).N, M9 | ||
| 100 | _aSubramanian R. R. | ||
| 245 | 0 |
_aIndia Pakistan China _b Defence and nuclear tangle in south asia |
|
| 260 |
_aNew Delhi _bABA Pub. India _c1989 |
||
| 300 |
_a165p. _ccm. |
||
| 490 | _v Gen | ||
| 650 | _a Gen | ||
| 650 |
_a India - Foreign relations - China _9648653 |
||
| 650 | _a India - Foreign relations - Pakistan | ||
| 650 |
_aIndia - Foreign relations - East Asia _9652206 |
||
| 942 |
_hV2:1949B,(zP).N, M9 _cTEXL _2CC |
||
| 999 |
_c1079995 _d1079995 |
||